00568nam a2200193 a 450000100100000000500170001000800410002702000150006804000250008308200190010810000310012724500510015826000500020930000270025949000190028665000240030565000260032983000190035500001882320200929165849.0100519s1986 ve a r 000 p spa d a9806081218 aDO-SdBNPbspacBNPHU aV861.44bL973l1 aLoyo Ordaz, Enrique Rafael10aLujuria de viaje /cEnrique Rafael Loyo Ordaz. aFalcón, Venezuela :bAteneo de Coro,c1986. as. p. :bil. ;c21 cm.1 aSerie Poesía 4aPoesía venezolana 4aLiteratura venezolana 0aSerie Poesía